<?xml version="1.0" encoding="UTF-8"?>
<record
    xmlns:xsi="http://www.w3.org/2001/XMLSchema-instance"
    xsi:schemaLocation="http://www.loc.gov/MARC21/slim http://www.loc.gov/standards/marcxml/schema/MARC21slim.xsd"
    xmlns="http://www.loc.gov/MARC21/slim">

  <leader>03281nam a2200337 a 4500</leader>
  <controlfield tag="001">74548</controlfield>
  <controlfield tag="003">BD-RjUL</controlfield>
  <controlfield tag="005">20211209082552.0</controlfield>
  <controlfield tag="008">181023r18771976ii a          001 0 eng d</controlfield>
  <datafield tag="035" ind1=" " ind2=" ">
    <subfield code="a">(BD-RjUL)74766</subfield>
  </datafield>
  <datafield tag="040" ind1=" " ind2=" ">
    <subfield code="a">DLC</subfield>
    <subfield code="c">CUY</subfield>
    <subfield code="d">CUY</subfield>
    <subfield code="d">BD-RjUL</subfield>
    <subfield code="b">eng</subfield>
  </datafield>
  <datafield tag="041" ind1=" " ind2=" ">
    <subfield code="a">eng</subfield>
  </datafield>
  <datafield tag="082" ind1=" " ind2=" ">
    <subfield code="2">23</subfield>
    <subfield code="a">915.414021</subfield>
    <subfield code="b">HUS V-11-V-20 1976</subfield>
  </datafield>
  <datafield tag="100" ind1="1" ind2=" ">
    <subfield code="a">Hunter, William Wilson</subfield>
    <subfield code="9">206768</subfield>
  </datafield>
  <datafield tag="245" ind1="1" ind2="2">
    <subfield code="a">A statistical account of Bengal /</subfield>
    <subfield code="c">By W. W. Hunter </subfield>
  </datafield>
  <datafield tag="250" ind1=" " ind2=" ">
    <subfield code="a">1st  Indian Reprinted ed.</subfield>
  </datafield>
  <datafield tag="260" ind1=" " ind2=" ">
    <subfield code="a">Delhi :</subfield>
    <subfield code="b">Concept Publishing Company,</subfield>
    <subfield code="c">1877 [Reprinted 1976].</subfield>
  </datafield>
  <datafield tag="300" ind1=" " ind2=" ">
    <subfield code="a">v. :</subfield>
    <subfield code="b">ill. ;</subfield>
    <subfield code="c">23 cm.</subfield>
  </datafield>
  <datafield tag="500" ind1=" " ind2=" ">
    <subfield code="a">Include Index.</subfield>
  </datafield>
  <datafield tag="504" ind1=" " ind2=" ">
    <subfield code="a">"Vol. 11. Districts of Patna and Saran / The Account of Patns has been compiled by D. B. Allen and that of Saran by A.W. Mackie   v. 12. Districts of Gay&#xE1; and Sh&#xE1;h&#xE1;b&#xE1;d / The Account of Gaya has been compiled by D. B. Allen ; and that of Shahabad by Messers D. B. Allen, A. W. Mackie and H. H. Risley  v. 13. Tirhut and Champ&#xE1;ran / This volume has been compiled by A. W. Mackie    v. 14. Districts of Bh&#xE1;galpur and the Sant&#xE1;l Pargan&#xE1;s / The Account of Bh&#xE1;galpur has been compiled by C. J. O'Donnell and that of the Santal Parganas by H. H. Risley   v. 15. Districts of Monghyr and Purniah / this volume has been compiled by C. J. O'Donnell   v. 16. Districts of Haz&#xE1;rib&#xE1;gh and Loh&#xE1;rdag&#xE1; / This volume has been compiled by H. H. Risley   v. 17. Singbhum District, Tributary States of Chutia Nagpur, and Manbhum / This volume has been compiled by H. H. Risley   v. 20. Fisheries and botany of Bengal by Surgeon-majors Day, Buchanan-Hamilton, King, and Mr. Kurz with general index |" </subfield>
  </datafield>
  <datafield tag="505" ind1="0" ind2=" ">
    <subfield code="a">Vol. 11. Districts of Patna and Saran / The Account of Patns has been compiled by D. B. Allen and that of Saran by A.W. Mackie -- v. 12. Districts of Gay&#xE1; and Sh&#xE1;h&#xE1;b&#xE1;d / The Account of Gaya has been compiled by D. B. Allen ; and that of Shahabad by Messers D. B. Allen, A. W. Mackie and H. H. Risley -- v. 13. Tirhut and Champ&#xE1;ran / This volume has been compiled by A. W. Mackie  --  v. 14. Districts of Bh&#xE1;galpur and the Sant&#xE1;l Pargan&#xE1;s / The Account of Bh&#xE1;galpur has been compiled by C. J. O'Donnell and that of the Santal Parganas by H. H. Risley --   v. 15. Districts of Monghyr and Purniah / this volume has been compiled by C. J. O'Donnell - v. 16. Districts of Haz&#xE1;rib&#xE1;gh and Loh&#xE1;rdag&#xE1; / This volume has been compiled by H. H. Risley - v. 17. Singbhum District, Tributary States of Chutia Nagpur, and Manbhum / This volume has been compiled by H. H. Risley - v. 18. District of Cuttack and Balasor.- v. 19. District of Puri and the Orissa Tributary States.- v. 20. Fisheries and botany of Bengal by Surgeon-majors Day, Buchanan-Hamilton, King, and Mr. Kurz with general index </subfield>
  </datafield>
  <datafield tag="650" ind1=" " ind2=" ">
    <subfield code="a">Bengal (India) </subfield>
    <subfield code="x">Statistics </subfield>
    <subfield code="9">224118</subfield>
  </datafield>
  <datafield tag="651" ind1=" " ind2=" ">
    <subfield code="a">India</subfield>
    <subfield code="z">Bengal </subfield>
    <subfield code="v">Statistics</subfield>
    <subfield code="9">224090</subfield>
  </datafield>
  <datafield tag="700" ind1=" " ind2=" ">
    <subfield code="a">Allen, D. B. , [compilor of  v. 11 &amp; v. 12] </subfield>
    <subfield code="9">224142</subfield>
  </datafield>
  <datafield tag="700" ind1=" " ind2=" ">
    <subfield code="a">Mackie, A.W. , [compilor of  v.11, v. 12 &amp; v. 13] </subfield>
    <subfield code="9">224143</subfield>
  </datafield>
  <datafield tag="700" ind1=" " ind2=" ">
    <subfield code="a">Risley, H. H. , [compilor of  v. 12, v. 14, V. 16 &amp; v. 17]</subfield>
    <subfield code="9">224144</subfield>
  </datafield>
  <datafield tag="700" ind1=" " ind2=" ">
    <subfield code="a">O'Donnell, C. J. , [compilor of  v. 14 &amp; v. 15] </subfield>
    <subfield code="9">224145</subfield>
  </datafield>
  <datafield tag="700" ind1=" " ind2=" ">
    <subfield code="a">Day, Surgeon-majors ... [et al], [compilor of  v. 20]</subfield>
    <subfield code="9">224146</subfield>
  </datafield>
  <datafield tag="942" ind1=" " ind2=" ">
    <subfield code="2">ddc</subfield>
    <subfield code="c">BK</subfield>
  </datafield>
  <datafield tag="999" ind1=" " ind2=" ">
    <subfield code="c">74548</subfield>
    <subfield code="d">74548</subfield>
  </datafield>
  <datafield tag="952" ind1=" " ind2=" ">
    <subfield code="0">0</subfield>
    <subfield code="1">0</subfield>
    <subfield code="2">ddc</subfield>
    <subfield code="4">0</subfield>
    <subfield code="7">1</subfield>
    <subfield code="8">RARE</subfield>
    <subfield code="a">RUCL</subfield>
    <subfield code="b">RUCL</subfield>
    <subfield code="c">Rare</subfield>
    <subfield code="d">1983-12-06</subfield>
    <subfield code="e">Concept Publishing Company, Delhi</subfield>
    <subfield code="g">200.00</subfield>
    <subfield code="l">0</subfield>
    <subfield code="o">RA 915.414021 HUS V-11 1976</subfield>
    <subfield code="r">2018-10-23 00:00:00</subfield>
    <subfield code="t">C-1</subfield>
    <subfield code="w">2021-12-09</subfield>
    <subfield code="y">RAR</subfield>
  </datafield>
  <datafield tag="952" ind1=" " ind2=" ">
    <subfield code="0">0</subfield>
    <subfield code="1">0</subfield>
    <subfield code="2">ddc</subfield>
    <subfield code="4">0</subfield>
    <subfield code="7">1</subfield>
    <subfield code="8">RARE</subfield>
    <subfield code="a">RUCL</subfield>
    <subfield code="b">RUCL</subfield>
    <subfield code="c">Rare</subfield>
    <subfield code="d">1983-12-06</subfield>
    <subfield code="e">Concept Publishing Company, Delhi</subfield>
    <subfield code="g">200.00</subfield>
    <subfield code="l">0</subfield>
    <subfield code="o">RA 915.414021 HUS V-12 1976</subfield>
    <subfield code="r">2018-10-23 00:00:00</subfield>
    <subfield code="t">C-1</subfield>
    <subfield code="w">2021-12-09</subfield>
    <subfield code="y">RAR</subfield>
  </datafield>
  <datafield tag="952" ind1=" " ind2=" ">
    <subfield code="0">0</subfield>
    <subfield code="1">0</subfield>
    <subfield code="2">ddc</subfield>
    <subfield code="4">0</subfield>
    <subfield code="7">1</subfield>
    <subfield code="8">RARE</subfield>
    <subfield code="a">RUCL</subfield>
    <subfield code="b">RUCL</subfield>
    <subfield code="c">Rare</subfield>
    <subfield code="d">1983-12-06</subfield>
    <subfield code="e">Concept Publishing Company, Delhi</subfield>
    <subfield code="g">200.00</subfield>
    <subfield code="l">0</subfield>
    <subfield code="o">RA 915.414021 HUS V-13 1976</subfield>
    <subfield code="r">2018-10-23 00:00:00</subfield>
    <subfield code="t">C-1</subfield>
    <subfield code="w">2021-12-09</subfield>
    <subfield code="y">RAR</subfield>
  </datafield>
  <datafield tag="952" ind1=" " ind2=" ">
    <subfield code="0">0</subfield>
    <subfield code="1">0</subfield>
    <subfield code="2">ddc</subfield>
    <subfield code="4">0</subfield>
    <subfield code="7">1</subfield>
    <subfield code="8">RARE</subfield>
    <subfield code="a">RUCL</subfield>
    <subfield code="b">RUCL</subfield>
    <subfield code="c">Rare</subfield>
    <subfield code="d">1983-12-06</subfield>
    <subfield code="e">Concept Publishing Company, Delhi</subfield>
    <subfield code="g">200.00</subfield>
    <subfield code="l">0</subfield>
    <subfield code="o">RA 915.414021 HUS V-14 1976</subfield>
    <subfield code="r">2018-10-23 00:00:00</subfield>
    <subfield code="t">C-1</subfield>
    <subfield code="w">2021-12-09</subfield>
    <subfield code="y">RAR</subfield>
  </datafield>
  <datafield tag="952" ind1=" " ind2=" ">
    <subfield code="0">0</subfield>
    <subfield code="1">0</subfield>
    <subfield code="2">ddc</subfield>
    <subfield code="4">0</subfield>
    <subfield code="7">1</subfield>
    <subfield code="8">RARE</subfield>
    <subfield code="a">RUCL</subfield>
    <subfield code="b">RUCL</subfield>
    <subfield code="c">Rare</subfield>
    <subfield code="d">1983-12-06</subfield>
    <subfield code="e">Concept Publishing Company, Delhi</subfield>
    <subfield code="g">200.00</subfield>
    <subfield code="l">0</subfield>
    <subfield code="o">RA 915.414021 HUS V-15 1976</subfield>
    <subfield code="r">2018-10-23 00:00:00</subfield>
    <subfield code="t">C-1</subfield>
    <subfield code="w">2021-12-09</subfield>
    <subfield code="y">RAR</subfield>
  </datafield>
  <datafield tag="952" ind1=" " ind2=" ">
    <subfield code="0">0</subfield>
    <subfield code="1">0</subfield>
    <subfield code="2">ddc</subfield>
    <subfield code="4">0</subfield>
    <subfield code="7">1</subfield>
    <subfield code="8">RARE</subfield>
    <subfield code="a">RUCL</subfield>
    <subfield code="b">RUCL</subfield>
    <subfield code="c">Rare</subfield>
    <subfield code="d">1983-12-06</subfield>
    <subfield code="e">Concept Publishing Company, Delhi</subfield>
    <subfield code="g">200.00</subfield>
    <subfield code="l">0</subfield>
    <subfield code="o">RA 915.414021 HUS V-16 1976</subfield>
    <subfield code="r">2018-10-23 00:00:00</subfield>
    <subfield code="t">C-1</subfield>
    <subfield code="w">2021-12-09</subfield>
    <subfield code="y">RAR</subfield>
  </datafield>
  <datafield tag="952" ind1=" " ind2=" ">
    <subfield code="0">0</subfield>
    <subfield code="1">0</subfield>
    <subfield code="2">ddc</subfield>
    <subfield code="4">0</subfield>
    <subfield code="7">1</subfield>
    <subfield code="8">RARE</subfield>
    <subfield code="a">RUCL</subfield>
    <subfield code="b">RUCL</subfield>
    <subfield code="c">Rare</subfield>
    <subfield code="d">1983-12-06</subfield>
    <subfield code="e">Concept Publishing Company, Delhi</subfield>
    <subfield code="g">200.00</subfield>
    <subfield code="l">0</subfield>
    <subfield code="o">RA 915.414021 HUS V-17 1976</subfield>
    <subfield code="r">2018-10-23 00:00:00</subfield>
    <subfield code="t">C-1</subfield>
    <subfield code="w">2021-12-09</subfield>
    <subfield code="y">RAR</subfield>
  </datafield>
  <datafield tag="952" ind1=" " ind2=" ">
    <subfield code="0">0</subfield>
    <subfield code="1">0</subfield>
    <subfield code="2">ddc</subfield>
    <subfield code="4">0</subfield>
    <subfield code="7">1</subfield>
    <subfield code="8">RARE</subfield>
    <subfield code="a">RUCL</subfield>
    <subfield code="b">RUCL</subfield>
    <subfield code="c">Rare</subfield>
    <subfield code="d">1983-12-06</subfield>
    <subfield code="e">Concept Publishing Company, Delhi</subfield>
    <subfield code="g">200.00</subfield>
    <subfield code="l">0</subfield>
    <subfield code="o">RA 915.414021 HUS V-18 1976</subfield>
    <subfield code="r">2018-10-23 00:00:00</subfield>
    <subfield code="t">C-1</subfield>
    <subfield code="w">2021-12-09</subfield>
    <subfield code="y">RAR</subfield>
  </datafield>
  <datafield tag="952" ind1=" " ind2=" ">
    <subfield code="0">0</subfield>
    <subfield code="1">0</subfield>
    <subfield code="2">ddc</subfield>
    <subfield code="4">0</subfield>
    <subfield code="7">1</subfield>
    <subfield code="8">RARE</subfield>
    <subfield code="a">RUCL</subfield>
    <subfield code="b">RUCL</subfield>
    <subfield code="c">Rare</subfield>
    <subfield code="d">1983-12-06</subfield>
    <subfield code="e">Concept Publishing Company, Delhi</subfield>
    <subfield code="g">200.00</subfield>
    <subfield code="l">0</subfield>
    <subfield code="o">RA 915.414021 HUS V-19 1976</subfield>
    <subfield code="r">2018-10-23 00:00:00</subfield>
    <subfield code="t">C-1</subfield>
    <subfield code="w">2021-12-09</subfield>
    <subfield code="y">RAR</subfield>
  </datafield>
  <datafield tag="952" ind1=" " ind2=" ">
    <subfield code="0">0</subfield>
    <subfield code="1">0</subfield>
    <subfield code="2">ddc</subfield>
    <subfield code="4">0</subfield>
    <subfield code="7">1</subfield>
    <subfield code="8">RARE</subfield>
    <subfield code="a">RUCL</subfield>
    <subfield code="b">RUCL</subfield>
    <subfield code="c">Rare</subfield>
    <subfield code="d">1983-12-06</subfield>
    <subfield code="e">Concept Publishing Company, Delhi</subfield>
    <subfield code="g">200.00</subfield>
    <subfield code="l">0</subfield>
    <subfield code="o">RA 915.414021 HUS V-20 1976</subfield>
    <subfield code="r">2018-10-23 00:00:00</subfield>
    <subfield code="t">C-1</subfield>
    <subfield code="w">2021-12-09</subfield>
    <subfield code="y">RAR</subfield>
  </datafield>
  <datafield tag="952" ind1=" " ind2=" ">
    <subfield code="0">0</subfield>
    <subfield code="1">0</subfield>
    <subfield code="2">ddc</subfield>
    <subfield code="4">0</subfield>
    <subfield code="7">1</subfield>
    <subfield code="8">RARE</subfield>
    <subfield code="a">RUCL</subfield>
    <subfield code="b">RUCL</subfield>
    <subfield code="c">Rare</subfield>
    <subfield code="d">1976-05-11</subfield>
    <subfield code="e">K. P. Bagchi and Co.</subfield>
    <subfield code="g">100.00</subfield>
    <subfield code="l">0</subfield>
    <subfield code="o">RA 915.414021 HUS V-20 1976</subfield>
    <subfield code="r">2018-10-23 00:00:00</subfield>
    <subfield code="t">C-2</subfield>
    <subfield code="w">2021-12-09</subfield>
    <subfield code="y">RAR</subfield>
  </datafield>
</record>
